00839 2200301 4500001002100000005001700021008004100038020002200079035002400101040001200125041000800137082001600145084001600161090002000177100001800197245008400215250001800299260002700317300003500344500001100379504002600390650002900416650001100445700002100456700002600477850001200503990002200515INLIS00000000002907620170711114815.0  a978-602-8950-14-5 0010-071700000000246 aYOPDYOG0 aind042[23]a646.4 a646.4 Wan B aDEP 646.4 Wan B0 aWAHYU EKA P.S1 aBusana wanitac/ Wahyu Eka P.S; editor, Fiki Puspitasari, Listiana Setyaningrum aEd. 1, Cet. 1 aYogyakartabKTSPc2011 aiv, 92 hlm.b: ilus.c; 25 cm. aIndeks aBibliografi : hlm. 91 4aPakaianxDesain dan pola 4aWanita0 aFiki Puspitasari0 aListiana Setyaningrum aYOPDYOG aCB-D.11/2011-2597